000 00908nam a2200241Ia 4500
003 OSt
005 20220923212012.0
006 a|||||r|||| 00| 0
007 ta
008 220922b |||||||| |||| 00| 0 hin d
024 _a147,478
037 _cTextual
040 _aARTS
_cARTS
_bhin
041 _2hin
_ahin
082 _aY592.2.A, 152M7
100 _aशर्मा, पाण्डेय रामायण प्रसाद
_9161859
245 0 _aभारतीय वर्णाश्रम सांस्कृतिक एवं दार्शनिक विश्लेषण
246 _aBhāratīya varṇāshram sāanskṛutik evan dārshanik vishleṣhaṇa
260 _c1987
300 _a418पृ.
_ccm.
942 _hY592.2.A, 152M7
_cTEXL
_2CC
999 _c305372
_d305372